Statistics for Spanish Fruit Vocabulary Words Quiz

Click here to take the quiz!

General Stats

  • This quiz has been taken 6,731 times
    (6,729 since last reset)
  • The average score is 16 of 21

Answer Stats

Español English % Correct
naranjaorange
99%
mangomango
98%
bananabanana
98%
limónlemon
97%
tomatetomato
96%
manzanaapple
95%
piñapineapple
93%
papayapapaya
92%
limalime
90%
fresastrawberry
88%
uvagrape
86%
cocococonut
85%
nectarinanectarine
84%
perapear
80%
sandíawatermelon
68%
cerezacherry
61%
aguacateavocado
56%
plátanoplantain / banana
55%
frambuesaraspberry
53%
duraznopeach
40%
morablackberry
25%

Score Distribution

Percentile by Number Answered

Percent of People with Each Score

Your Score History

You have not taken this quiz since the last reset